| 000 | 00428nam a2200169Ia 4500 | ||
|---|---|---|---|
| 008 | 180207s9999 xx 000 0 und d | ||
| 020 | _a9781887942744 | ||
| 050 | _bM148 1998 | ||
| 100 | _aMcGuire, Leslie | ||
| 245 | _aAnn's big muffin / | ||
| 245 | _cLeslie McGuire. | ||
| 260 | _bHooked on phonics, | ||
| 260 | _c1998 | ||
| 300 | _a12 pages : | ||
| 300 | _bcolor illustration ; | ||
| 440 | _aHop chapter book, level 2. | ||
| 999 |
_c355236 _d355236 |
||